<?xml version="1.0" encoding="UTF-8"?><?xml-stylesheet type="text/xsl" href="static/style.xsl"?><OAI-PMH xmlns="http://www.openarchives.org/OAI/2.0/" xmlns:xsi="http://www.w3.org/2001/XMLSchema-instance" xsi:schemaLocation="http://www.openarchives.org/OAI/2.0/ http://www.openarchives.org/OAI/2.0/OAI-PMH.xsd"><responseDate>2026-04-17T18:55:55Z</responseDate><request verb="GetRecord" identifier="oai:www.recercat.cat:20.500.12328/1347" metadataPrefix="marc">https://recercat.cat/oai/request</request><GetRecord><record><header><identifier>oai:recercat.cat:20.500.12328/1347</identifier><datestamp>2025-05-16T12:47:19Z</datestamp><setSpec>com_2072_67741</setSpec><setSpec>col_2072_484352</setSpec></header><metadata><record xmlns="http://www.loc.gov/MARC21/slim" xmlns:dcterms="http://purl.org/dc/terms/" xmlns:xsi="http://www.w3.org/2001/XMLSchema-instance" xmlns:doc="http://www.lyncode.com/xoai" xsi:schemaLocation="http://www.loc.gov/MARC21/slim http://www.loc.gov/standards/marcxml/schema/MARC21slim.xsd">
   <leader>00925njm 22002777a 4500</leader>
   <datafield ind2=" " ind1=" " tag="042">
      <subfield code="a">dc</subfield>
   </datafield>
   <datafield ind2=" " ind1=" " tag="720">
      <subfield code="a">Medina-Aguerrebere, Pablo</subfield>
      <subfield code="e">author</subfield>
   </datafield>
   <datafield ind2=" " ind1=" " tag="720">
      <subfield code="a">Buil Gazol, Pilar</subfield>
      <subfield code="e">author</subfield>
   </datafield>
   <datafield ind2=" " ind1=" " tag="260">
      <subfield code="c">2016-07-28</subfield>
   </datafield>
   <datafield ind2=" " ind1=" " tag="520">
      <subfield code="a">La internacionalización, las fusiones entre compañías, la crisis de confianza por parte de las instituciones y el papel activo de los stakeholders son algunos de los factores que están cambiando las estrategias de comunicación institucional de las empresas españolas. En este artículo, se identifican, en primer lugar, los vectores que deben trabajar dichas compañías para crear marcas globales que gocen de reputación entre sus stakeholders y, en segundo lugar, se profundiza en  la escucha como estrategia. Con tal fin, desde principios de abril de 2014 hasta mediados de octubre de ese mismo año, se han entrevistado a los Directores de Comunicación de las empresas españolas con mejor reputación internacional según Merco (2013) y, posteriormente, se les envió un cuestionario centrado en la estrategia de escucha. Los resultados muestran que potenciar el rol directivo de la comunicación, centrar su actividad en la construcción de la reputación y desarrollar una estrategia de escucha con los stakeholders son aspectos determinantes para convertir a las empresas en instituciones memorables.</subfield>
   </datafield>
   <datafield ind1="8" ind2=" " tag="024">
      <subfield code="a">Medina Aguerrebere, Pablo; Buil Gazol, Maria Pilar. «La figura del dircom como generador de diálogo y reputación con los stakeholders». Sphera Publica, 2016, vol. 1, núm. 16, p. 77-94. Disponible en: &lt;http://sphera.ucam.edu/index.php/sphera-01/article/view/264>. Fecha de acceso: 26 nov. 2019</subfield>
   </datafield>
   <datafield ind1="8" ind2=" " tag="024">
      <subfield code="a">1576-4192</subfield>
   </datafield>
   <datafield ind1="8" ind2=" " tag="024">
      <subfield code="a">http://hdl.handle.net/20.500.12328/1347</subfield>
   </datafield>
   <datafield tag="653" ind2=" " ind1=" ">
      <subfield code="a">Relacions públiques</subfield>
   </datafield>
   <datafield tag="653" ind2=" " ind1=" ">
      <subfield code="a">Reputació</subfield>
   </datafield>
   <datafield tag="653" ind2=" " ind1=" ">
      <subfield code="a">Public relations</subfield>
   </datafield>
   <datafield tag="653" ind2=" " ind1=" ">
      <subfield code="a">Reputation</subfield>
   </datafield>
   <datafield tag="653" ind2=" " ind1=" ">
      <subfield code="a">Relaciones públicas</subfield>
   </datafield>
   <datafield tag="653" ind2=" " ind1=" ">
      <subfield code="a">Opinión pública</subfield>
   </datafield>
   <datafield ind2="0" ind1="0" tag="245">
      <subfield code="a">La figura del dircom como generador de diálogo y reputación con los stakeholders</subfield>
   </datafield>
</record></metadata></record></GetRecord></OAI-PMH>